00421nam a2200169Ia 4500008004100000020002200041041000800063082001300071100002300084260003600107245004200143250000600185300000800191650001500199650001500214700002200229220805s9999 xx 000 0 und d a978-81-7223-036-2 aeng a658.4092 aBlanchard, Kenneth aNew DelhibHarper collinsc2003 aLeadership and the one minute manager a1 a110 aLeadership amanagement aZigarmi, Patricia